000 00860nam a2200253Ia 4500
003 OSt
005 20221005112645.0
006 a|||||r|||| 00| 0
007 ta
008 221004b |||||||| |||| 00| 0 pan d
020 _a9789382413356 (hbk)
_c80
024 _a11666
037 _b823, 13/03/2014, H.K. Prakashan
_cTextual
040 _aCRL
_cCRL
_bpan
041 _2pan
_apan
082 _aO153,1NBHx, Q3
100 _aਭੁੱਲਰ, ਲਾਡੀ ਸੁਖਜਿੰਦਰ ਕੌਰ
245 0 _aਹੂਕ
260 _aਜਲੰਧਰ
_bਪੰਜ ਆਬ ਭਾਰਤ
_c2013
300 _a88ਪੰ
_ccm.
650 _aਪੰਜਾਬੀ ਸਾਹਿਤ
942 _hO153,1NBHx, Q3
_cTEXL
_2cc
999 _c1025553
_d1025553